COŚ ŚLISKIEGO: - Statystyki

Ogólne statystyki
  • Ten quiz został rozwiązany 42 razy
  • Średni wynik to 2 z 6
Statystyki odpowiedzi
Odpowiedź % Poprawnych
LÓD
76%
ŚLIMAK
59%
MYDŁO
55%
RYBA
28%
SKÓRKA Z BANANA
3%
TŁUSZCZ
0%
Nie znaleziono quizów pasujących do podanych kryteriów
Rozkład punktacji
Procent ludzi z każdym wynikiem
Percentyl według liczby udzielonych odpowiedzi
Twoja historia wyników
Nie rozwiązałeś tego quizu